Sports Quiz

Random Sports or MLB Quiz

MLB-1970s Leaders by Year Quiz Stats

Quiz not verified by Sporcle

Also try: Sports by Lego
Challenge
Share
Tweet
Embed
Score 0/90 Timer 10:00
1 Play Today
% Correct
Pete Rose
91.1%
Pete Rose
91.1%
Pete Rose
91.1%
Johnny Bench
90.7%
Johnny Bench
90.7%
Johnny Bench
90.7%
Johnny Bench
90.7%
Johnny Bench
90.7%
Catfish Hunter/Jim Palmer
89.7%
Jim Palmer/Randy Jones
89.2%
Nolan Ryan
88%
Nolan Ryan
88%
Nolan Ryan
88%
Nolan Ryan
88%
Nolan Ryan
88%
Tom Seaver
87.2%
Tom Seaver
87.2%
Willie Stargell
87.1%
Willie Stargell
87.1%
Willie Stargell
87.1%
Mike Schmidt
86.9%
Mike Schmidt
86.9%
Mike Schmidt
86.9%
Rod Carew
86.1%
Rod Carew
86.1%
Rod Carew
86.1%
Rod Carew
86.1%
Rod Carew
86.1%
Jim Palmer
85.7%
Joe Morgan
85.3%
% Correct
Steve Carlton
84.5%
Steve Carlton
84.5%
Catfish Hunter/Fergie Jenkins
84.3%
Jim Rice
81.7%
Jim Rice
81.7%
Lou Brock
80.7%
Lou Brock
80.7%
Lou Brock
80.7%
Lou Brock
80.7%
Lou Brock
80.7%
George Foster
80.5%
George Foster
80.5%
George Foster
80.5%
Mike Cuellar/Dave McNally/Jim Perry
73.6%
Rich 'Goose' Gossage
69.3%
Dave Parker
69.2%
Rollie Fingers
67.8%
Rollie Fingers
67.8%
Dave Kingman
65.5%
Ron Guidry
65.4%
Ron Guidry
65.4%
Joe Torre
59.9%
Joe Torre
59.9%
Bruce Sutter
58.8%
Billy Williams
55.6%
Billy Williams
55.6%
Keith Hernandez
54.9%
Bill Madlock
54.7%
Mickey Lolich
49.1%
Mickey Lolich
49.1%
% Correct
Don Baylor
47.2%
Don Baylor
47.2%
Luis Tiant
46.9%
Greg Luzinski
45.8%
J.R. Richard
45.6%
J.R. Richard
45.6%
J.R. Richard
45.6%
Willie Wilson
44.2%
Davey Lopes
43.1%
Rico Carty
40.5%
Frank Tanana
39.9%
Bobby Bonds
38.6%
Ron LeFlore
37.6%
Ron Bryant/Wilbur Wood
36.1%
Omar Moreno
34.6%
Sam McDowell
31.7%
Mark Fidrych
27.9%
Mike Flanagan
26.4%
John Hiller
23.8%
Bill North
19.8%
John Candelaria
17.9%
Frank Taveras
14.5%
Clay Carroll
13.7%
Bobby Tolan
13.1%
Rawly Eastwick
12.1%
Buzz Capra
10.2%
Terry Forster
7.1%
Diego Segui
6.6%
Wayne Granger
6.3%
Ken Sanders
5.5%

You're not logged in!

Compare scores with friends on all Sporcle quizzes.
Join for Free
OR
Log In

You Might Also Like...

Show Comments

Extras

Top Quizzes Today


Score Distribution

Your Account Isn't Verified!

In order to create a playlist on Sporcle, you need to verify the email address you used during registration. Go to your Sporcle Settings to finish the process.

Report this User

Report this user for behavior that violates our Community Guidelines.

Details: